000 00922cam a2200289 4500
008 090401t1989 xxu||||| |||| 00| 0 eng d
020 _a0854064281
035 _a(Sirsi) u49074
041 _aeng
050 _a526.982
090 _aRICS 1989/63ABCD
110 _aRoyal Institution of Chartered Surveyors
_94900
245 _aSpecification for vertical air photography for mapping , mosaicing and general interpretation
250 _a3rd ed.
260 _aLondon
_bSurveyors Publications
_c1989
300 _a13p. ; 30cm.
350 _a25
520 _aSUPERSEDED BY 2001/33 "Vertical aerial photography and derived digital imagery" ISBN 0854069976
650 _aAERIAL PHOTOGRAPHY
650 _aMAPPING
650 _aLAND SURVEYING
690 _aGEOMATICS
_96242
710 _aBritish Air Survey Association
_91547
710 _aRoyal Photographic Society
_91793
942 _n0
948 _c04/03/1997
999 _c92481
_d92481